For the common good
| Titel: | For the common good : the Bohemian land law and the beginning of the Hussite Revolution / by Jeanne E. Grant |
|---|---|
| Verfasser: | |
| Veröffentlicht: | Leiden [u.a.] : Brill, 2014 |
| Umfang: | IX, 155 S. |
| Format: | Buch |
| Sprache: | Englisch |
| Schriftenreihe/ mehrbändiges Werk: |
East Central and Eastern Europe in the Middle Ages, 450 - 1450 ; 28 |
| RVK-Notation: | |
| ISBN: | 9789004282896 |
| Hinweise zum Inhalt: |
Inhaltsverzeichnis
|
alg: 34943030
001A $06057:05-11-14
001B $01999:10-05-25 $t18:03:05.000
001C $03025:14-09-17 $t17:05:16.000
001D $00026:25-06-15
001U $0utf8
001X $00
002@ $0Aau
003@ $0349430306
003O $0891817132 $aOCoLC
004A $A978-90-04-28289-6
006B $0GBB4B4361
007A $0349430306 $aHEB
007G $0DE01370E57529F45BB314C1257E73003120A3
009P $qapplication/pdf $A2 $3Inhaltsverzeichnis $uhttp://scans.hebis.de/HEBCGI/show.pl?34943030_toc.pdf $mV:DE-603;B:DE-26
010@ $aeng
011@ $a2014
021A $aFor the common good $dthe Bohemian land law and the beginning of the Hussite Revolution $hby Jeanne E. Grant
028A $7132016877 $8Grant, Jeanne E.$Z1974- [Tp1] $9180792563
033A $pLeiden {[u.a.] $nBrill
034D $aIX, 155 S.
036E $aEast Central and Eastern Europe in the Middle Ages, 450 - 1450 $l28
036F $x228 $8East Central and Eastern Europe in the Middle Ages, 450 - 1450 $9197322654 $l28
039U $8--Oou--Fudge, Thomas A.$Z1962- [Tp1]. [Grant, Jeanne: For the common good], 2015 $942139613X
039U $8--Oou--Kaar, Alexandra$Z1981- [Tp3]. [Grant, Jeanne: for the common good, 2016. - DOI 10.7767/miog-2016-0208 $9416568807
039U $aRezension in $8--Aou--Beran, Zdeněk$Z1983- [Tp3]. [Grant, Jeanne E.: For the Common Good], 2016 $9421269359
041K $aOndřej, z Dubé, approximately 1320-approximately 1411. Práva zemská česká
041K/01 $aLand tenure--Law and legislation--Czech Republic--Bohemia
041K/02 $aLand titles--Czech Republic--Bohemia
041K/03 $aFeudal law--Czech Republic--Bohemia
041K/04 $aNobility--Czech Republic--Bohemia--History
041K/05 $aBohemia (Czech Republic)--Politics and government
041K/06 $aHussites
041K/07 $aBohemia (Czech Republic)--History--Hussite Wars, 1419-1436
041K/08 $aBohemia (Czech Republic)
044K $RProtektorat Böhmen und Mähren $RBöhmische Länder $RTschechoslowakei $#Böhmen $#Čech $#Königreich Böhmen $#České Království $#Království České $#Kronland Böhmen $#Čechy $#Ceské Království $#Království Ceské $74007467-5 $8Böhmen [Tg1] $9085012173
044K $RLandesordnung $74034332-7 $8Landrecht [Ts1] $9085092150
044K $RKrieg $RHussiten $#Bohemia (Czech Republic) History Hussite Wars, 1419-1436 $#Bohême (République tchèque) 1419-1436 (Guerres hussites) $#Bohemia Historia 1419-1436 (Guerras husitas) $#Erster Hussitenrkrieg $#1. Hussitenkrieg $74160828-8 $8Hussitenkriege$g1419-1436 [Ts1] $9085704083
045B $a346.437104409024 $eDDC23eng
045F $a340.09 $eDDC23BSB
045F/01 $a340.09
045F/03 $f0902
045F/03 $g4371
045G $a306.094371 $eDDC23BSB
045G/01 $a306.09
045G/03 $g4371
045H $a900.9437109023 $eDDC23BSB
045H/01 $a900
045H/03 $f09023
045H/03 $f09024
045H/03 $g4371
045Z $8NM 7405 [Tkv] $9410893897
046M $aLiteraturverz. S. [135] - 148
lok: 34943030 24
101B $003-03-16 $t08:25:10.000
101C $003-03-16
101U $0utf8
145Z/01 $a23 12 E
145Z/02 $a23 13 L
145Z/03 $a23 12 J
145Z/04 $a23 7 D
exp: 34943030 24 1 #EPN
201B/01 $003-03-16 $t08:25:10.000
201C/01 $012-01-16
201U/01 $0utf8
203@/01 $0765572869
208@/01 $a03-03-16 $bz
209A/01 $a16.00530 $du $f050 $h16 00530 $x00
209C/01 $a16.00530 K $h16 00530 K
209G/01 $a73890683 $x00
220C/01 $aeng/hae
247C/01 $8358050-7 Marburg, Bibliothek des Herder-Instituts Marburg $9102600961
lok: 34943030 78
exp: 34943030 78 1 #EPN
201B/01 $014-09-17 $t17:03:30.000
201C/01 $014-09-17
201U/01 $0utf8
203@/01 $01007434929
208@/01 $a14-09-17 $be
209A/01 $a/ $f000 $x00
209A/01 $ab*p $x01
220C/01 $apgar
244Z/01 $#Böhmische Kronländer $#Länder der Böhmischen Krone $#Sudetenland $#Böhmen $#Mähren $#Mährisch-Schlesien $#Österreichisch-Schlesien $#Tschechische Sozialistische Republik Böhmische Länder $#Tschechei Böhmische Länder $#Země koruny české $74069573-6 $8--Tg1--Böhmische Länder $x01 $9085195553
247C/01 $82080>Marburg/Lahn, Herder-Institut, Forschungsbibliothek, Bibliographieportal $9336309341
lok: 34943030 204
exp: 34943030 204 1 #EPN
201B/01 $005-08-15 $t10:31:55.000
201C/01 $026-05-15
201U/01 $0utf8
203@/01 $0754685039
208@/01 $a26-05-15 $bzUB
209A/01 $a000 NM 7405 G762 $du $f000 $x00
209G/01 $a61873228 $x00
245S/01 $a10200 $x01
247C/01 $8631000-x <26>Gießen, Universität Gießen, Universitätsbibliothek Gießen $9102596697
| LEADER | 00000cam a2200000 c 4500 | ||
|---|---|---|---|
| 001 | 349430306 | ||
| 003 | DE-603 | ||
| 005 | 20250510180305.0 | ||
| 007 | tu | ||
| 008 | 141105s2014 xx |||| | u00||u|eng c | ||
| 020 | |a 9789004282896 | ||
| 035 | |a (DE-599)HEB349430306 | ||
| 035 | |a (OCoLC)891817132 | ||
| 040 | |a DE-603 |b ger |c DE-603 |d DE-603 | ||
| 041 | |a eng | ||
| 082 | 0 | 4 | |8 1\u |a 340.09 |q DE-101 |2 23/BSB |
| 083 | 0 | |8 2\u |a 306.094371 |q DE-101 |2 23/BSB | |
| 083 | 0 | |8 3\u |a 900.9437109023 |q DE-101 |2 23/BSB | |
| 083 | 7 | |a 346.437104409024 |2 23/eng | |
| 084 | |a NM 7405 |0 (DE-625)126420: |0 (DE-603)410893897 |2 rvk | ||
| 085 | |8 1\u |b 340.09 | ||
| 085 | |8 1\u |z 1 |s 0902 | ||
| 085 | |8 1\u |z 2 |s 4371 | ||
| 085 | |8 2\u |b 306.09 | ||
| 085 | |8 2\u |z 2 |s 4371 | ||
| 085 | |8 3\u |b 900 | ||
| 085 | |8 3\u |z 1 |s 09023 | ||
| 085 | |8 3\u |z 1 |s 09024 | ||
| 085 | |8 3\u |z 2 |s 4371 | ||
| 100 | 1 | |a Grant, Jeanne E. |d 1974- |0 (DE-603)180792563 |0 (DE-588)132016877 |2 gnd | |
| 245 | 0 | 0 | |a For the common good |b the Bohemian land law and the beginning of the Hussite Revolution |c by Jeanne E. Grant |
| 264 | 1 | |a Leiden [u.a.] |b Brill |c 2014 | |
| 300 | |a IX, 155 S. | ||
| 490 | 1 | |a East Central and Eastern Europe in the Middle Ages, 450 - 1450 |v 28 | |
| 504 | |a Literaturverz. S. [135] - 148 | ||
| 650 | 7 | |a Landrecht |0 (DE-588)4034332-7 |0 (DE-603)085092150 |2 gnd | |
| 650 | 7 | |a Hussitenkriege |g 1419-1436 |0 (DE-588)4160828-8 |0 (DE-603)085704083 |2 gnd | |
| 651 | 7 | |a Böhmen |0 (DE-588)4007467-5 |0 (DE-603)085012173 |2 gnd | |
| 787 | 0 | 8 | |i Rezensiert in |a Fudge, Thomas A., 1962- |t [Grant, Jeanne: For the common good] |w (DE-603)42139613X |
| 787 | 0 | 8 | |i Rezensiert in |a Kaar, Alexandra, 1981- |t [Grant, Jeanne: for the common good |o 10.7767/miog-2016-0208 |w (DE-603)416568807 |
| 787 | 0 | 8 | |i Rezension in |a Beran, Zdeněk, 1983- |t [Grant, Jeanne E.: For the Common Good] |w (DE-603)421269359 |
| 830 | 0 | |t East Central and Eastern Europe in the Middle Ages, 450 - 1450 |v 28 |w (DE-603)197322654 |w (DE-600)2416464-1 |9 228 |7 as | |
| 856 | 4 | 2 | |m V:DE-603;B:DE-26 |q application/pdf |u http://scans.hebis.de/HEBCGI/show.pl?34943030_toc.pdf |3 Inhaltsverzeichnis |
| 924 | 0 | |9 Mb 50 |a (DE-603)765572869 |b DE-Mb50 |c HES |d c |g 16.00530 | |
| 924 | 0 | |9 2080 |a (DE-603)1007434929 |b DE-2080 |c HES |d d |g / | |
| 924 | 0 | |9 26 |a (DE-603)754685039 |b DE-26 |c HES |d c |g 000 NM 7405 G762 | |


